000 00822nam a2200217Ii 4500
003 JO-AjNU
008 230605s9999||||xx |||||||||||||| ||und||
017 _a1984/5/198
040 _aJO-AjNU
_bara
_erda
_cJO-AjNU
041 _aara
050 1 4 _aDT199.A2877 1984
100 3 _aابو رميلة، هشام,
_eauthor
_940559
245 0 0 _aعلاقات الموحدين بالممالك النصرانية والدول الإسلامية في الاندلس
250 _aط1
264 3 1 _aعمان: دار الفرقان للنشر والتوزيع، 1984
300 _a443ص
336 _atext
_btxt
_2rdacontent
337 _aunmediated
_bn
_2rdamedia
338 _avolume
_bnc
_2rdacarrier
650 4 _aالموحدين-علاقات خارجية، الاندلس-تاريخ-الموحدين، 1130-1269
_940560
999 _aA17223
_c20791
_d20791